Most Followed People on Facebook - Statistics

General Stats
  • This quiz has been taken 50 times
  • The average score is 7 of 20
Answer Stats
# Hint Answer % Correct
150 m Football player Cristiano Ronaldo
87%
104 m Football Player Lionel Messi
83%
90 m Musician Justin Bieber
60%
69 m Musician Katy Perry
55%
86 m Football player Neymar
55%
59 m Actor and wrestler Dwayne Johnson
53%
76 m Musician Taylor Swift
49%
93 m Musician Eminem
45%
102 m Musician and businesswoman Rihanna
43%
85 m Musician and actress Selena Gomez
40%
69 m Musician Michael Jackson
32%
68 m Musician Adele
28%
58 m Musician and actress Jennifer Lopez
26%
111 m Actor and rapper Will Smith
26%
114 m Musician Shakira
19%
108 m Actor Vin Diesel
15%
59 m Musician Bruno Mars
11%
66 m Musician Bob Marley
4%
72 m Actor Jackie Chan
4%
75 m Actor Jason Statham
2%
No matching quizzes found
Score Distribution
Percent of People with Each Score
Percentile by Number Answered
Your Score History
You have not taken this quiz